000 00601nam a2200229Ia 4500
003 OSt
005 20221006164335.0
006 a|||||r|||| 00| 0
007 ta
008 221006b |||||||| |||| 00| 0 eng d
024 _a156
037 _cTextual
040 _aFML
_cFML
_beng
041 _2eng
_aeng
082 _aNR5v ' J, H7
100 _aBukofzer Manfred F Au.
_9677212
245 0 _aMusic In The Baroque Era
260 _aNew York
_bNartone
_c1947
300 _a489
_ccm.
942 _hNR5v ' J, H7
_cTEXL
_2CC
999 _c1116927
_d1116927